000
00260 a2200109 4500
001
59353
082
_a
532 KHU
090
_c
36379
_d
36379
100
_a
Khurmi R. S.
245
_a
A text book of engineering dynamics
260
_a
India
_b
S. Chand & Company
_c
2004
942
_a
NUST-CAE
_k
532 KHU
999
_c
294426
_d
294426